MARC details
| 000 -LEADER |
| fixed length control field |
01363nam a2200325uu 4500 |
| 001 - CONTROL NUMBER |
| control field |
200436913 |
| 003 - CONTROL NUMBER IDENTIFIER |
| control field |
TR-IsYBT |
| 005 - DATE AND TIME OF LATEST TRANSACTION |
| control field |
20240805154956.0 |
| 008 - FIXED-LENGTH DATA ELEMENTS--GENERAL INFORMATION |
| fixed length control field |
141224s2011 ge a ger |
| 020 ## - INTERNATIONAL STANDARD BOOK NUMBER |
| International Standard Book Number |
9783869362519 |
| 040 ## - CATALOGING SOURCE |
| Original cataloging agency |
TR-AnTOB |
| Language of cataloging |
eng |
| Description conventions |
rda |
| Transcribing agency |
TR-AnTOB |
| Modifying agency |
TR-AnTOB |
| 041 1# - LANGUAGE CODE |
| Language code of text/sound track or separate title |
Almanca |
| -- |
Türkçe |
| 050 14 - LIBRARY OF CONGRESS CALL NUMBER |
| Classification number |
HC282.5.A2 |
| Item number |
B47 2011 |
| 245 00 - TITLE STATEMENT |
| Title |
In bester gesellschaft = |
| Remainder of title |
Zirvedekiler / |
| Statement of responsibility, etc. |
genel yayın yönetmeni : Olaf Salie ; redaksiyon : Christiane Blass, Nicola Henkel ; Türkisch-Deutsche Industrie- und Handelskammer |
| 246 31 - VARYING FORM OF TITLE |
| Title proper/short title |
Zirvedekiler |
|
| Display text |
Subtitle on cover: |
| Title proper/short title |
100 türkische Erfolgsgeschichten aus Wirtschaft und Wissenschaft = Ekonomi ve bilim dünyasından 100 Türk başarı öyküsü |
| 264 1# - PRODUCTION, PUBLICATION, DISTRIBUTION, MANUFACTURE, AND COPYRIGHT NOTICE |
| Place of production, publication, distribution, manufacture |
Köln: |
| Name of producer, publisher, distributor, manufacturer |
Deutsche Standards ; Türk - Alman Ticaret ve Sanayi Odası, |
| Date of production, publication, distribution, manufacture, or copyright notice |
2011 |
| 300 ## - PHYSICAL DESCRIPTION |
| Extent |
334 pages : |
| Other physical details |
color illustrations ; |
| Dimensions |
28 cm |
| 336 ## - CONTENT TYPE |
| Source |
rdacontent |
| Content type term |
text |
| Content type code |
txt |
| 337 ## - MEDIA TYPE |
| Source |
rdamedia |
| Media type term |
unmediated |
| Media type code |
n |
| 338 ## - CARRIER TYPE |
| Source |
rdacarrier |
| Carrier type term |
volume |
| Carrier type code |
nc |
| 500 ## - GENERAL NOTE |
| General note |
Includes register. |
| 546 ## - LANGUAGE NOTE |
| Language note |
Text in German and Turkish. |
| 650 #0 - SUBJECT ADDED ENTRY--TOPICAL TERM |
| Topical term or geographic name entry element |
Businesspeople |
| Geographic subdivision |
Germany |
| Form subdivision |
Biography |
| 9 (RLIN) |
126503 |
|
| Topical term or geographic name entry element |
Turks |
| Geographic subdivision |
Germany |
| Form subdivision |
Biography |
| 9 (RLIN) |
87100 |
|
| Topical term or geographic name entry element |
Success in business |
| Geographic subdivision |
Germany |
| Form subdivision |
Case studies |
| 9 (RLIN) |
96797 |
| 710 2# - ADDED ENTRY--CORPORATE NAME |
| Corporate name or jurisdiction name as entry element |
Türkisch-Deutsche Industrie- und Handelskammer |
| 9 (RLIN) |
126504 |
| 942 ## - ADDED ENTRY ELEMENTS (KOHA) |
| Source of classification or shelving scheme |
Library of Congress Classification |
| Koha item type |
Book |